00356nam a2200169Ia 4500003000900000008004100009040001300050040001300063041000800076100001400084245004200098250001000140260000900150300001100159300001000170490000600180IT-RoPAU120407s9999 xx 000 0 und d aIT-RoPAU cIT-RoPAU aita aG. Gasque aL’Eucharestie et le Corps Mystique. aParis c1925 a252 p. c18 cm v1